000 00810nam a2200241Ia 4500
003 OSt
005 20220923223503.0
006 a|||||r|||| 00| 0
007 ta
008 220922b |||||||| |||| 00| 0 hin d
024 _a217,668
037 _cTextual
040 _aARTS
_cARTS
_bhin
041 _2hin
_ahin
082 _aY:1.2, 152M3
100 _aपंड्या, गौरी शंकर
245 0 _aभारतीय संस्कृति का विश्वव्यापी प्रभाव
246 _aBhāratīya sanskṛuti kā vishvavyāpī prabhāva
260 _aदिल्ली
_b किताब घर
_c1983
300 _a174i`
_ccm.
942 _hY:1.2, 152M3
_cTEXL
_2CC
999 _c365665
_d365665